| 000 | 00978cam a2200289 ic4500 | ||
|---|---|---|---|
| 001 | 014279969 | ||
| 003 | EG-ScBUE | ||
| 005 | 20250622091001.0 | ||
| 008 | 070010s1954 nyuaf f 000 0 eng d | ||
| 020 | _a0486606368 (volume 1) | ||
| 020 | _a9780486606361 (volume 1) | ||
| 040 |
_aEG-ScBUE _beng _erda _cEG-ScBUE _dEG-ScBUE |
||
| 082 | 0 | 4 |
_222 _a537 _bMAX |
| 100 | 1 |
_a Maxwell, James Clerk, _d1831-1879, _eauthor. _929599 |
|
| 245 | 1 | 2 |
_aA treatise on electricity and magnetism. _nVolume 1 / _cby James Clerk Maxwell. |
| 250 | _aUnabridged third edition. | ||
| 264 | 1 |
_aNew York : _bDover Publications, Inc., _c1954. |
|
| 300 |
_a1 volume (various pagings) : _billustrations, plates ; _c18 cm |
||
| 336 |
_2rdacontent _atext _btxt |
||
| 337 |
_aunmediated _2rdamedia _bn |
||
| 338 |
_avolume _bnc _2rdacarrier |
||
| 650 | 7 |
_aMagnetism. _2BUEsh _96454 |
|
| 650 | 7 |
_aElectricity. _2BUEsh _929600 |
|
| 653 |
_bGGEN _bENGELC _cMarch2018 |
||
| 655 | _vReading book | ||
| 942 |
_2ddc _cBB |
||
| 999 |
_c26340 _d26312 |
||